| 000 | 00693nam a2200265Ia 4500 | ||
|---|---|---|---|
| 003 | OSt | ||
| 005 | 20220928132152.0 | ||
| 006 | a|||||r|||| 00| 0 | ||
| 007 | ta | ||
| 008 | 220927b |||||||| |||| 00| 0 eng d | ||
| 020 | _cUSD 285.99 | ||
| 024 | _a133610 | ||
| 037 |
_b140, 06/03/2017, N.R.Book Distributors _cTextual |
||
| 040 |
_aSDCL _cSDCL _beng |
||
| 041 |
_2eng _aeng |
||
| 082 | _aE9G, Q5 | ||
| 100 | _aBerg J.M. | ||
| 245 | 0 | _aBiochemistry | |
| 250 | _a8th | ||
| 260 | _c2015 | ||
| 300 |
_axxxii,1056+A1 to C43p. _ccm. |
||
| 650 | _aBiochemistry | ||
| 942 |
_hE9G, Q5 _cTEXL _2CC |
||
| 999 |
_c793833 _d793833 |
||